Регионална библиотека "Любен Каравелов" - Русе

Разкази (Запис номер 119335)

MARC детайли
000 -Лидер
Контролно поле с фиксирана дължина 01961nam a2200373 c 4500
003 - Код на организацията, давaща контролен номер
Контролно поле BLK
005 - Дата и час на последна редакция
Контролно поле 20240611153610.0
008 - Елементи от данни с фиксирана дължина
fixed length control field 180409b bul|||||r ||||||| ||bul||
010 ## - Наследен системен номер
LC control number KNG00124950000
020 ## - Международен стандартен номер на книга ISBN
Международен стандартен номер на книга ISBN 978-954-9976-39-7
-- издат.: Вестникарска група България
040 ## - Източник на каталожния запис
Идентификатор на билиотеката - собственик на записа BLK
041 ## - Код за език
Код за езика на текст/звукозапис или на отделно заглавие Български
Код за езика КДБФ Български
072 #7 - Код за тематичната категория
Код организация bullib
Код за тематична категория Н83
Текст Чужда художествена литература Н
080 ## - УДК
Текстов определител УДК Английска литература
УДК код - определител по УДК 821.111
УДК определител -322.4
УДК - код + определител 821.111-322.4
080 ## - УДК
Текстов определител УДК Английска литература
УДК код - определител по УДК 821.111
УДК определител -312.4
УДК - код + определител 821.111-312.4
100 1# - Редна дума - Автор
Автор Дойл, Артър Конан
Авторска отговорност първи автор
R(LIN) 364606
139 ## - Редно поле
Редна дума Дойл, Артър Конан
Авторски знак Дои - Д 71
245 10 - Сведения за заглавието
Заглавие Разкази
Редно поле (дума) Артър Конан Дойл; прев. Димана Стоянова Илиева; прев. Тодор Вълчев.
257 ## - Страна на издаване
Страна на създаване/издаване Великобритания
260 ## - Област на издателските данни
-- София
Име на издателя, разпространителя и проч. Вестникарска група България
Година на издаване 2009
Печатница Отпеч. в Италия
300 ## - Физическа характеристика
Страници 239 с.
Размери/Мащаб 21 см
380 ## - Жанр
Жанр Худож. лит.
490 1# - СЕРИИ (Колекции)
Име на серия Златна колекция XIX век
№: серия 38
500 ## - Общи забележки
Забележка Без сведение за ориг. загл. - Разпространява се с в. Труд или 24 часа. - Пълното име на втория прев. е Тодор Вълчев Тошев. - Съдържа: Бериловата диадема ; Червените букове ; Земевладелецът от Райгейт ; Баскервилското куче.
659 ## - Тематичен бюлетин
Тематичен бюлетин Н
700 ## - Други автори (авторска отговорност)
Лично име Илиева, Димана Стоянова
Дати, свързани с автора 1971 -
Друга информация Преводач от/на английски език.
9 (RLIN) 376743
700 1# - Други автори (авторска отговорност)
Лично име Вълчев, Тодор
Автороска отговорност (Описва отношението между автора и произведението) прев.
9 (RLIN) 364511
852 ## - Местоположение
Форматна сигнатура Цб 252508
856 4# - Електронен адрес и достъп
Електронен формат pdf - файл
Път до файла /url/
856 4# - Електронен адрес и достъп
Електронен формат pdf - файл
Път до файла /url/
942 ## - АРТИКУЛИ
Вид на библиотечния материал Книги
Скрит в OPAC Не
944 ## - СЪЗДАВАНЕ И РЕДАКЦИЯ на ЗАПИСА
Създаване/Редакция Създаване
Дата на регистрацията/редакция 17.08.2011
Служител, извършил регистрацията/редакцията 30560
Статус, дата на статуса Геновева Генчева
944 ## - СЪЗДАВАНЕ И РЕДАКЦИЯ на ЗАПИСА
Създаване/Редакция Редакция
Дата на регистрацията/редакция 17.08.2011
Служител, извършил регистрацията/редакцията
999 ## - СИСТЕМНИ КОНТРОЛНИ НОМЕРА
Koha biblionumber 119335
Koha biblioitemnumber 119335
Наличности
Код за отписване Код за изгубен артикул Код за повреда Коз за рестрикции Код за отдаване Артикулен № Име на библиотеката - собственик Име на библиотеката, в която се намира в момента Статус (Текущо местоположение) Дата на вписване в системата Местоположение - отдел Цена в лева Инвентарен номер Систематично азбучна сигнатура Баркод Номер на екземпляра Цена в евро Служебна бележка Служебен тип на артикула
  Не е изгубен Не е повреден без рестрикции ползва се в читалня 192546 Регионална библиотека "Любен Каравелов" Русе Регионална библиотека "Любен Каравелов" Русе Хранилище 2011-08-16 Хранилище 10.00 120000752337 Цб 252508 120000752337 1 5.11 Дост: Dp Вид: Д N: 6 Дата: 07.02.2011 Книги
Vip Innovations Ltd, Rousse, Bulgaria 2025